00714nam a2200205 a 450000100060000000300090000600800410001504000280005608200160008410000300010024500170013026000320014730000090017949000230018859000890021165000280030094200120032899900150034095201530035519082CO-ViMGA141112s2004 ck r 000 u spa d aCO-ViMGAbspacCO-ViMGA04a843.8 M186b1 aMaupassant, Guy de 9287410aBola de Sebo aMedellín : bCometa; 1997 a71p.0 aColección letras aForma de adquisición : Donación Libreria Temas y libros 2005 - - Precio : 4.00014aCUENTOS FRANCESES91078 2ddccBK c9742d9742 00102ddc40708001aMEVIGAELAbMEVIGAELAd2015-12-04hVolumen. 1 | 11/jun/2009l0o843.8 M186b p19082r2015-12-04 00:00:00tEj. 1w2015-12-04yBK